00395 2200133 4500001002100000005001500021035002400036090001900060245006300079260005900142300002400201990001800225990001800243YOGYA00000000002841720140823025054 0010-081400000028135 a371.3944 Muj B aBelajar Mandiri: (Self-Motivated Learning)cMujiman, Haris aSurakartabLembaga Pengembangan Pendidikan (LPP)c2007 avi, 147 hlm.c24 cm a31180-PD/B.07 a31182-PD/B.07